000 00425nam a2200157 i 4500
001 60606
003 ES-MaACL
005 20230906164253.0
007 t|
008 031105s1935 xxk ||||1| eng d
245 0 0 _aEssays by moden writers /
_cedited by R.W. Jepson.
260 _aLondon :
_bLongmans, Green and Co,
_c[1935]
300 _aX, 212 p. ;
_c19 cm.
700 1 _aJepson, R. W.
_966324
852 _aES-MaACL
_jA-4253
999 _c60606
_d60606